000 00739nam a2200169Ia 4500
008 090711s9999 xx 000 0 und d
082 _b6079
100 _aप्रियोळकर अनंत का. (संपा.)
245 _aमुक्तेश्र्वरउाgऎत महाभारत खंड 1
260 _c1951
300 _a244+10
600 _aप्रियोळकर अनंत का. (संपा.)
630 _aमुक्तेश्र्वरउाgऎत महाभारत खंड 1
700 _aप्रियोळकर अनंत का. (संपा.)
730 _aमुक्तेश्र्वरउाgऎत महाभारत खंड 1
942 _cBOOK
999 _c311698
_d311698